| 000 | 00340nam a2200133Ia 4500 | ||
|---|---|---|---|
| 005 | 20251222144642.0 | ||
| 008 | 251222s9999||||xx |||||||||||||| ||spa|| | ||
| 020 | _a968-444-207-6 | ||
| 082 | _a909.3/L86 | ||
| 100 | _aLópez-Cordén Cortezo, María Victoria | ||
| 245 | 0 | _aLeer Historia: | |
| 264 | _bAddison Wesley Longman | ||
| 942 | _cLIB | ||
| 999 |
_c16736 _d16736 |
||